Statistics for Scottish Lochs Map (extreme)

Click here to take the quiz!

General Stats

  • This quiz has been taken 37 times
  • The average score is 14 of 42

Answer Stats

Council Surface Area (ha) Islands % Correct
Highland5533Loch {Ness}
100%
Argyll & Bute7073Loch {Lomond}
83%
Perth & Kinross2640Loch {Tay}
67%
Perth & Kinross1371Loch {Leven}
60%
Perth & Kinross1881Loch {Rannoch}
53%
Stirling1326Loch {Katrine}
53%
Highland1720Loch {Lochy}
50%
Argyll & Bute3804Loch {Awe}
50%
Highland3293Loch {Shin}
43%
Perth & Kinross579Loch {Tummel}
40%
Highland686Loch {Garry}
40%
Stirling947Loch {Earn}
40%
Highland1860 (2238 dammed)Loch {Ericht}
40%
Highland2683Loch {Morar}
40%
Highland1993Loch {Shiel}
40%
Highland1597Loch {Arkaig}
37%
Highland1091 (reservoir){Blackwater} Reservoir
33%
Highland2798Loch {Maree}
30%
Dumfries & Galloway698Loch {Ken}
30%
East Ayrshire819Loch {Doon}
27%
Highland994Loch {Monar}
27%
Highland1746 (reservoir)Loch {Quoich}
27%
Highland761Loch {Laggan}
27%
Highland646Loch {Loyal}
27%
Highland559Loch {Naver}
23%
Highland1046Loch {Cluanie}
23%
Highland1080Loch {Fannich}
23%
Highland638Loch {Hope}
23%
Highland734Loch {Treig}
23%
Highland941 (reservoir)Loch {Mullardoch}
23%
Highland800Loch {Assynt}
20%
Highland630Loch {Loyne}
17%
Orkney786Loch of {Stenness}
17%
Orkney981Loch of {Harray}
17%
Highland1014{Fionn} Loch
17%
Highland532 (reservoir)Loch {Glascarnoch}
17%
Na h-Eileanan an Iar703Loch {Bì}
13%
Na h-Eileanan an Iar895Loch {Langabhat}
13%
Highland923Loch nan {Clar}
13%
Highland628Loch {Luichart}
13%
Highland558Loch {Sionascaig}
13%
Highland555Loch {Duntelchaig}
10%

Score Distribution

Percentile by Number Answered

Percent of People with Each Score

Your Score History

You have not taken this quiz